000 00771nac a22002417a 4500
001 BR7600423
003 BR-BrBNA
005 20240105113912.0
008 230509b bl.|||m| |||| 00| 0 por d
040 _aBR-BrBNA
_bpor
_cBiblioteca Nacional de Agricultura
072 _aE10; E30
090 _aE10 BR7600423
110 1 _aBanco do Estado do Piaui S.A., Teresina (Brasil)
_91128
245 1 _aPlano de acao 1975/1979 [Banco do Estado do Piaui S.A.; Brasil]
260 3 _aTeresina, PI (Brasil):
_c1975.
300 _a24 p.
490 _aPlano de Acao - Banco do Estado do Piaui S.A. (Brazil)
_v
_x
650 _aDESENVOLVIMENTO AGRICOLA
650 _aCREDITO RURAL
650 _aPIAUI
909 _a202312
_bLúcia Elande
_c55
_dLúcia Elande
942 _2AGRIS
_n0
_cMS
999 _c266246
_d266246